| 000 | | | 04480nac2a22003013x 450 |
| 001 | | | d5a76107-d07b-4f21-8286-83aac2a0b4f4 |
| 005 | | | 20210716173338.0 |
| 100 | ## | $a | 20210612l1935 k y0rusy50 ca |
| 101 | 0# | $a | rus |
| 102 | ## | $a | RU |
| 105 | ## | $a | y z ||||| |
| 122 | 0# | $a | d19350131 |
| 122 | 0# | $a | d193501 |
| 200 | 1# | $a | Документы делегатов XVI Всероссийского и VII Всесоюзного Съездов Советов с решающим голосом |
| | $j | Январь 1935 |
| 215 | ## | $a | 232 листа |
| 251 | ## | $c | Дело |
| 300 | ## | $a | Заголовок дела на папке: Документы делегатов XVI Всероссийского и VII-го Всесоюзного Съездов Советов. С решающим голосом. Январь 1935 г. |
| 300 | ## | $a | Часть текста машинописная и рукописная, часть - напечатана типографским способом |
| 330 | ## | $a | Входит в раздел описи: VII-й Съезд Советов |
| 461 | #0 | $1 | 001796d4672-8a00-4986-b488-6e42273792cc |
| | $1 | 2001 |
| | $a | ЦЕНТРАЛЬНЫЙ ИСПОЛНИТЕЛЬНЫЙ КОМИТЕТ СССР (ЦИК СССР) |
| | $1 | 251 |
| | $c | Фонд |
| | $1 | 852 |
| | $j | 3316 |
| | $g | Р |
| 462 | #0 | $1 | 0012246e4af-064a-4b66-b386-cae0ddb7fb2d |
| | $1 | 2001 |
| | $a | Дела 7-го Съезда Советов и 1-й, 2-й, 3-й, 4-й Сессий 7-го созыва. 1935-1937 гг. |
| | $v | Д. 47 |
| | $1 | 251 |
| | $c | Опись |
| | $1 | 852 |
| | $j | 7 |
| 517 | 1# | $a | Документы делегатов XVI Всероссийского и VII-го Всесоюзного Съездов Советов. С решающим голосом. Январь 1935 г. |
| 601 | 01 | $3 | RU\NLR\AUTH\880357276 |
| | $a | СССР |
| | $b | ЦИК |
| 601 | 1| | $3 | RU\NLR\AUTH\661048804 |
| | $a | СССР. Съезд советов 7-й |
| 601 | 01 | $3 | RU\NLR\AUTH\8810134311 |
| | $a | РСФСР |
| | $b | Съезд Советов |
| | $c | 16 |
| 801 | #0 | $a | RU |
| | $b | GA_RF |
| 801 | #1 | $a | RU |
| | $b | ГлавНИВЦ |
| | $c | 20210612 |
| | $2 | rusmarc |
| 801 | #2 | $a | RU |
| | $b | ПБ им. Б.Н. Ельцина |
| | $c | 20210716 |
| | $g | RCR |
| | $2 | rusmarc |
| 852 | ## | $a | ГА РФ |
| | $j | 47 |
| 937 | ## | $d | 166288436 |
| | $h | ГАРФ |
| 035 | ## | $a | RuPRLIB51060512 |
| 856 | ## | $u | http://readingroom.main.prlib.ru/item.aspx?id_node=n166288436&mode=full |